00396nam a2200145Ia 4500003000900000008004100009020001900050040001600069080001600085245004700101260004400148300001000192650002900202700001900231IN-BaIIA211028s9999 xx 000 0 eng d a0-19-521-833-7 cIIA Library a031:52bAST 0aAstronomy encyclopediacedited by P. Moore aNew YorkbOxford University Pressc2002 a456p. aEncyclopedia - astronomy aMoore, P., ed.